Bellaquita Rockstar - Justin Quiles, Lenny Tavárez - Estadísticas

Estadísticas generales
  • Esta prueba ha sido intentada 27 veces
  • La puntuación promedio es 98 de 373
Estadísticas de respuestas
Letra % Correcto
a
100%
que
100%
se
100%
100%
100%
Y
100%
y
100%
Yo
100%
yo
100%
bellaquita
50%
de
50%
El
50%
el
50%
ere
50%
es
50%
la
50%
Le
50%
no
50%
rock
50%
si
50%
soy
50%
star
50%
te
50%
Te
50%
un
50%
una
50%
va
50%
vi
50%
abismo
0%
Ahora
0%
al
0%
apareciste
0%
Baby
0%
baby
0%
bacatá
0%
bendiga
0%
Bucutú
0%
buscaste
0%
caí
0%
chingar
0%
chocolate
0%
como
0%
Como
0%
con
0%
conmigo
0%
contigo
0%
Contigo
0%
corrientazo
0%
cruzaste
0%
cuando
0%
culo
0%
Darte
0%
dedico
0%
Descara
0%
diablo
0%
diferente
0%
digo
0%
dijo
0%
Dios
0%
disco
0%
DJ
0%
empezamos
0%
en
0%
En
0%
enchulado
0%
encontrar
0%
enjocique
0%
eras
0%
Ese
0%
esta
0%
está
0%
Este
0%
este
0%
formo
0%
frente
0%
grabe
0%
gusta
0%
hablao
0%
he
0%
Hicieron
0%
hija
0%
hijo
0%
iglesia
0%
juré
0%
llamar
0%
lo
0%
Lo
0%
Mariposa
0%
más
0%
matamos
0%
Maybe
0%
me
0%
meneaste
0%
menú
0%
mismo
0%
na
0%
nadie
0%
negociar
0%
nos
0%
Olvidé
0%
pa
0%
para
0%
pasar
0%
pecar
0%
pensé
0%
Pero
0%
perrearte
0%
pide
0%
Pikachu
0%
postale
0%
problema
0%
pu
0%
puedes
0%
pusiste
0%
puso
0%
quería
0%
quiere
0%
quiero
0%
Rakata
0%
recordé
0%
repente
0%
reposar
0%
retrata
0%
revolú
0%
sabe
0%
Sabes
0%
sacar
0%
Salgo
0%
sendo
0%
Siempre
0%
siempre
0%
Solo
0%
sonsacar
0%
supone
0%
tenerlo
0%
to
0%
verse
0%
vez
0%
vo
0%
vuelve
0%
vuelvo
0%
Yomo
0%
No se encontraron pruebas coincidentes
Distribución de puntuación
Porcentaje de gente con cada puntuación
Porcentaje por número respondido
Historial de tus puntuaciones
No has intentado esta prueba.